01306 a2200205 4500020001500000020001800015082001200033100001900045245006700064250001200131260003900143300002100182490001800203500001500221520067100236700001500907830001500922856007900937856008401016 a0072830727 a978007283072904a005.3691 aHaag, Stephen.10aI-series :bmicrosoft office excel 2003 brief /cStephen Haag. a1st ed. a[S.l.] :bCareer Education,c2003. a256 p. ;c28 cm.1 aThe I-series. aPaperback. aThe I-Series Applications textbooks strongly emphasize that students learn and master applications skills by being actively engaged- by doing. These texts have been written with clear, error-free, and unambiguous steps to accomplish tasks that lead to a finished document, worksheet or database table. The authors made the decision that teaching “how” to accomplish some task is not enough for complete understanding and mastery. Prior to introducing steps, the authors discuss why the steps students are about to experience are important and what role the steps play in the overall plan for creating a document, workbook or databa aPerry, Jam aThe I-seri 3Amazon.comuhttp://www.amazon.com/exec/obidos/ASIN/0072830727/chopaconline 3Amazon customer reviewsuhttp://www.chopac.org/cgi-bin/tools/azrev.pl?q=0072830